LEADER 01666nam a2200349 i 4500 001 000000349553 003 CaOOAMICUS 005 20220308081714.0 008 220307s2021 be u000 u grc u 013 $a236276 020 $a978-2-503-58640-3 040 $aSeMil$bita 041 $agrc$aita 100 0 $aNicetas : Thessalonicensis ,$c.$0(OLS)http://semarc/name/115516 240 10$aDialogi sex de processione Spiritus Sancti.$0(OLS)http://semarc/title/439145 245 10$aNicetae Thessalonicensis Dialogi sex de processione Spiritus Sancti / $cquos ediderunt Alessandra Bucossi et Luigi D'Amelia. 264 1$aTurnhout :$bBrepols,$c2021. 300 $aCX, 282 p. ;$c25 cm. 490 1 $aCorpus Christianorum. Series Graeca ;$v92 504 $aBibliografia, p. [X]-XXII 546 $aTesto in greco antico, introduzione e note in italiano 650 4$aSpirito Santo - Teologia.$0(OLS)http://semarc/subject/1154 650 4$aFilioque - Controversia.$0(OLS)http://semarc/subject/48312 700 1 $aD'Amelia, Luigi.$0(OLS)http://semarc/name/115517 700 1 $aBucossi, Alessandra,$d<1974- >.$0(OLS)http://semarc/name/14421 830 0$aCorpus Christianorum. Series Graeca ;$v92.$0(OLS)http://semarc/title/36 850 $aSeMil 852 $aSeMil$W1$xVenegono$y1$mSL2.K I 92$j232063$B240603$CSeMilBibl$Z2$F240603 $8I 996 $6020$a978-2-503-58640-3$9(OLS)http://semarc/number/295356 996 $6245$aNicetae Thessalonicensis Dialogi sex de processione Spiritus Sancti / $9(OLS)http://semarc/title/439144 996 $6264$aTurnhout :$bBrepols$9(OLS)http://semarc/publisher/29626 LEADER 00968nam a2200229 i 4500 001 000000103461 003 CaOOAMICUS 005 20011002000000.0 008 011002n it u000 u ita u 013 $a75632 040 $aSeMil$bita 245 10$aDalla fine dell'Ottocento ad oggi. 300 $a990 p., 12 tavole a colori :$b198 illustrazioni in nero. 490 0 $aCollezione Maggiore 500 $aTitolo originale : De 1848 à 1913 ; De 1913 à nous jours. 650 4$aLetteratura francese - Storia - Sec. 20.$0(OLS)http://semarc/subject/5596 773 0 $tStoria della letteratura francese.$dMilano : Garzanti, 1985.$kCollezione Maggiore$gVolume3$w()1548 830 0$aCollezione Maggiore.$0(OLS)http://semarc/title/8746 850 $aSeMil 852 $aSeMil$W1$xVenegono$y1$mSL1.D VIII 20$j59922$B59922$CSeMilBibl$Z2$F44402 $8I 961 $aAcquisto: Garzanti (agente) 996 $6245$aDalla fine dell'Ottocento ad oggi$9(OLS)http://semarc/title/150244